| 000 | 01033nam a2200241 a 4500 | ||
|---|---|---|---|
| 005 | 20131127113440.0 | ||
| 008 | 120417s2010 ck a gr 00010 spa d | ||
| 020 | _a9789588491400 | ||
| 041 | 0 | _aspa | |
| 044 | _ack | ||
| 082 | 0 | 4 |
_a660.6 _bH919f |
| 245 | 0 | 0 |
_aFortalecimiento de capacidades para la implementación del protocolo de Cartagena en Colombia : _bsector ambiente / _cM. Andrea Orjuela-R, Rodrigo Moreno-Villamil (compiladores). |
| 260 |
_aBogotá _bInstituto de Investigación de Recursos Biológicos Alexander von Humboldt _bMinisterio de Ambiente, Vivienda y Desarrollo Territorial _c2010 |
||
| 300 |
_a68 p. : _bil. ; _c28 cm. _e1 CD. |
||
| 504 | _aIncluye referencias bibliográficas | ||
| 630 | 1 | 4 |
_aProtocolo de Cartagena _93024 |
| 650 | 4 |
_aBiotecnología _z Colombia _93025 |
|
| 650 |
_aIngeniería genética _z Colombia _92240 |
||
| 650 | 4 |
_aBioseguridad _z Colombia _91652 |
|
| 700 | 1 |
_aOrjuela-Restrepo, María Andrea _ecomp. _93026 |
|
| 700 | 1 |
_aMoreno-Villamil, Rodrigo _ecomp. _93027 |
|
| 942 |
_2ddc _cImpreso |
||
| 999 |
_c7928 _d7928 |
||